Montenegro municipalities - Statistics

General Stats
  • This quiz has been taken 35 times
  • The average score is 18 of 25
Answer Stats
Answer % Correct
Podgorica
100%
Bar
83%
Cetinje
83%
Danilovgrad
83%
Herceg Novi
83%
Tivat
83%
Tuzi
83%
Budva
75%
Kolasin
75%
Kotor
75%
Mojkovac
75%
Plav
75%
Ulcinj
75%
Zeta
75%
Andrijevica
67%
Berane
67%
Gusinje
67%
Niksic
67%
Pljevlja
67%
Rozaje
67%
Savnik
67%
Bijelo Polje
58%
Zabljak
58%
Petnjica
50%
Pluzine
42%
No matching quizzes found
Score Distribution
Percent of People with Each Score
Percentile by Number Answered
Your Score History
You have not taken this quiz